000
00315nam a22001337a 4500
020
_a
978-019-567698-3
082
_a
030
_b
KLI/O
100
_a
ELLIOT, JULIA
245
_a
OXFORD DICTIONARY & THESAURUS
260
_a
DELHI
_b
OXFORD UNIVERSITY PRESS
_c
2001
300
_a
932
650
_a
DICTIONARY
_z
INDIA
942
_c
BK
999
_c
2015
_d
2015